<?xml version="1.0" encoding="UTF-8"?>
<record
    xmlns:xsi="http://www.w3.org/2001/XMLSchema-instance"
    xsi:schemaLocation="http://www.loc.gov/MARC21/slim http://www.loc.gov/standards/marcxml/schema/MARC21slim.xsd"
    xmlns="http://www.loc.gov/MARC21/slim">

  <leader>00719ngm a22001937a 4500</leader>
  <controlfield tag="005">20190125193204.0</controlfield>
  <controlfield tag="008">160208b        xxu||||| |||| 00| 0 spa d</controlfield>
  <datafield tag="041" ind1=" " ind2=" ">
    <subfield code="a">spa</subfield>
  </datafield>
  <datafield tag="082" ind1=" " ind2=" ">
    <subfield code="a">419 DVD</subfield>
  </datafield>
  <datafield tag="100" ind1=" " ind2=" ">
    <subfield code="a">Fonollosa Pla, Jos&#xE9; Mar&#xED;a</subfield>
    <subfield code="9">52007</subfield>
  </datafield>
  <datafield tag="245" ind1=" " ind2=" ">
    <subfield code="a">Rehabilitaciones completas acr&#xED;licas: desde la perspectiva funcional y est&#xE9;tica (Disco 1)</subfield>
  </datafield>
  <datafield tag="300" ind1=" " ind2=" ">
    <subfield code="a">1 CD-ROM</subfield>
  </datafield>
  <datafield tag="500" ind1=" " ind2=" ">
    <subfield code="a">La teor&#xED;a, razgos anat&#xF3;micos de los maxilares ed&#xE9;ntulos y l&#xED;mites funcionales para la elaboraci&#xF3;n de cubetas individuales y plantillas de articulaci&#xF3;n.</subfield>
  </datafield>
  <datafield tag="650" ind1=" " ind2=" ">
    <subfield code="a">IMPRESIONES</subfield>
    <subfield code="9">8795</subfield>
  </datafield>
  <datafield tag="650" ind1=" " ind2=" ">
    <subfield code="a">RASGOS ANAT&#xD3;MICOS</subfield>
    <subfield code="9">52008</subfield>
  </datafield>
  <datafield tag="650" ind1=" " ind2=" ">
    <subfield code="a">PLANTILLAS DE ARTICULACI&#xD3;N</subfield>
    <subfield code="9">52009</subfield>
  </datafield>
  <datafield tag="650" ind1=" " ind2=" ">
    <subfield code="a">ENCOFRADO</subfield>
    <subfield code="9">52010</subfield>
  </datafield>
  <datafield tag="942" ind1=" " ind2=" ">
    <subfield code="c">DVD</subfield>
  </datafield>
  <datafield tag="999" ind1=" " ind2=" ">
    <subfield code="c">11597</subfield>
    <subfield code="d">11597</subfield>
  </datafield>
  <datafield tag="952" ind1=" " ind2=" ">
    <subfield code="0">1</subfield>
    <subfield code="1">0</subfield>
    <subfield code="4">1</subfield>
    <subfield code="7">0</subfield>
    <subfield code="a">BACB</subfield>
    <subfield code="b">BACB</subfield>
    <subfield code="d">2019-01-25</subfield>
    <subfield code="l">0</subfield>
    <subfield code="o">419 DVD</subfield>
    <subfield code="p">419BDVD</subfield>
    <subfield code="r">2019-01-25 00:00:00</subfield>
    <subfield code="y">DVD</subfield>
  </datafield>
  <datafield tag="952" ind1=" " ind2=" ">
    <subfield code="0">1</subfield>
    <subfield code="1">0</subfield>
    <subfield code="4">1</subfield>
    <subfield code="7">0</subfield>
    <subfield code="a">BACB</subfield>
    <subfield code="b">BACB</subfield>
    <subfield code="d">2019-06-11</subfield>
    <subfield code="l">1</subfield>
    <subfield code="o">419 DVD</subfield>
    <subfield code="p">419ADVD</subfield>
    <subfield code="r">2019-07-08 00:00:00</subfield>
    <subfield code="s">2019-06-20</subfield>
    <subfield code="y">DVD</subfield>
  </datafield>
</record>
